Les communes françaises au moyen âge / (Record no. 167671)

MARC details
000 -LEADER
campo de control de longitud fija 00635nam a22001695i 4500
001 - NÚMERO DE CONTROL
campo de control 167671
003 - IDENTIFICADOR DE NÚMERO DE CONTROL
campo de control ES-MaACL
005 - FECHA Y HORA DE LA ÚLTIMA TRANSACCIÓN
campo de control 20230906213555.0
008 - DATOS DE LONGITUD FIJA--INFORMACIÓN GENERAL
campo de control de longitud fija 030725s1900 fr |||| | fre d
040 ## - FUENTE DE CATALOGACIÓN
Centro catalogador/agencia de origen CCPB | B
Lengua de catalogación spa
Centro/agencia transcriptor CCPB | B
100 1# - ENTRADA PRINCIPAL--NOMBRE DE PERSONA
Nombre de persona Viollet, Paul.
9 (RLIN) 115417
245 14 - MENCIÓN DEL TÍTULO
Título Les communes françaises au moyen âge /
Mención de responsabilidad, etc. par Paul Viollet.
260 ## - PUBLICACIÓN, DISTRIBUCIÓN, ETC.
Lugar de publicación, distribución, etc. Paris :
Nombre del editor, distribuidor, etc. Imprimerie Nationale :
-- Librairie C. Klincksieck,
Fecha de publicación, distribución, etc. 1900.
300 ## - DESCRIPCIÓN FÍSICA
Extensión 158 p. ;
Dimensiones 29 cm.
500 ## - NOTA GENERAL
Nota general Extraido de "Mémoires de l'Académie des Inscriptions et Belles-Lettres ; tome XXXVI"
852 ## - LOCALIZACIÓN
Ubicación ES-MaACL
Número de control de estantería F-1101
Nota libre -- Enc. hol. conservano la cub. original
Holdings
Estatus retirado Estado de pérdida Estado de daño No para préstamo Colección Biblioteca de origen Biblioteca actual Ubicación en estantería Fecha de adquisición Fuente de adquisición Total de préstamos Signatura topográfica completa Código de barras Visto por última vez Precio de reemplazo Tipo de ítem Koha
        Libros del s. XIX Biblioteca del Ateneo de Madrid Biblioteca del Ateneo de Madrid Depósito 2 17/01/2008     F-1101 1175906 23/02/2023 23/02/2023 Libro impreso antiguo